• 首页
  • 本馆介绍
  • 公告通知
  • 最新文献
  • 馆藏检索
  • 电子资源
  • 读者导购
  • 参考咨询
  • 我的图书馆
  • 登录
  • 详细信息显示
  • 放入我的书架
  • 预约/预借图书
  • 作者相关作品
  • 分类相关作品
  • 丛书相关作品
  • 出版社相关作品

书目信息

  • 表格格式
  • 工作单格式
  • 卡片格式
题名:
公共文化服务制度建设研究
    
 
作者: 冯佳 著
分册:  
出版信息: 北京   国家图书馆出版社  2015
页数: 331页
开本: 21cm
丛书名:
单 册:
中图分类: G123
科图分类:
主题词: 公共管理--Gong Gong Guan Li--文化工作--制度建设--研究--中国
电子资源:
ISBN: 978-7-5013-5760-4
000 00946nam0 22002291 450
001 349866
005 20161010091035.35
010    @a978-7-5013-5760-4@dCNY48.00
100    @a20160304d2015 em y0chiy50 ea
101 0  @achi
102    @aCN@b110000
105    @aa z 000yy
106    @ar
200 1  @a公共文化服务制度建设研究@AGong Gong Wen Hua Fu Wu Zhi Du Jian She Yan Jiu@f冯佳著
210    @a北京@c国家图书馆出版社@d2015
215    @a331页@c图@d21cm
330    @a本书共八章,分别为制度的认知、经费保障的实践探索与政策引领、人才队伍建设的实践探索与制度支撑、管理体制创新的实践探索与制度推进、设施体系完善的时间探索与规范建设、资源供给体系的实践探索与机制创新、国外公共文化服务制度研究与实践、公共文化服务保障制度的确立与实践。
606 0  @a公共管理@AGong Gong Guan Li@x文化工作@x制度建设@x研究@y中国
690    @aG123@v5
701  0 @a冯佳@AFeng Jia@c(公共文化)@4著
801  0 @aCN@bTANGWEI@20160802
905    @b0887155-9@dG123@e165@f5
    
    公共文化服务制度建设研究/冯佳著 .-北京:国家图书馆出版社,2015
    331页:图;21cm
    
    
    ISBN 978-7-5013-5760-4:CNY48.00
    本书共八章,分别为制度的认知、经费保障的实践探索与政策引领、人才队伍建设的实践探索与制度支撑、管理体制创新的实践探索与制度推进、设施体系完善的时间探索与规范建设、资源供给体系的实践探索与机制创新、国外公共文化服务制度研究与实践、公共文化服务保障制度的确立与实践。
●
相关链接 在E读中查询图书 在五车中查询图书 在当当中查询图书 在豆瓣中查询图书


正题名:公共文化服务制度建设研究     索取号:G123/165         预约/预借

序号 登录号 条形码 馆藏地/架位号 状态 备注
1 0887155   208871559   第一样本阅览室/ [索取号:G123/165] 在馆    
2 0887156   208871568   第四借阅区/ [索取号:G123/165] 在馆    
3 0887157   208871577   第四借阅区/ [索取号:G123/165] 在馆    
4 0887158   208871586   第四借阅区/ [索取号:G123/165] 在馆    
5 0887159   208871595   第四借阅区/ [索取号:G123/165] 在馆    
唐山师范学院图书馆 欢迎您!
大连网信软件有限公司© 版权所有